History Quiz

Random History or Chinese Quiz

Chinese Dynasties Quiz Stats

 Plays Quiz Updated Mar 31, 2014

Challenge
Share
Tweet
Embed
Score 0/20 Timer 06:00
0 Plays Today
Years Name % Correct
1368 - 1644Ming Dynasty
85.9%
221 BC - 206 BCQin Dynasty
69.7%
618 - 907Tang Dynasty
59.9%
1644 - 1912Qing Dynasty
54.5%
1600 BC - 1046 BCShang Dynasty
44.4%
1271 - 1368Yuan Dynasty
41.5%
2100 BC - 1600 BCXia Dynasty
37.4%
206 BC - 9 ADWestern Han Dynasty
33.9%
25 - 220Eastern Han Dynasty
33.9%
960 - 1127Northern Song Dynasty
30.3%
Years Name % Correct
1046 BC - 771 BCWestern Zhou Dynasty
28.3%
770 BC - 256 BCEastern Zhou Dynasty
28.3%
1115 - 1234Jin Dynasty
28.1%
581 - 618Sui Dynasty
27.2%
9 - 26Xin Dynasty
24%
265 - 317Western Jin Dynasty
19.2%
317 - 420Eastern Jin Dynasty
19.2%
907 - 960Five Dynasties
19%
916 - 1125Liao Dynasty
13.8%
420 - 581Southern and Northern Dynasties
8.8%

You're not logged in!

Compare scores with friends on all Sporcle quizzes.
OR
Log In

You Might Also Like...

Show Comments

Extras

Top Quizzes Today


Score Distribution

Your Account Isn't Verified!

In order to create a playlist on Sporcle, you need to verify the email address you used during registration. Go to your Sporcle Settings to finish the process.

Report this User

Report this user for behavior that violates our Community Guidelines.

Details: